000 00793nam a22002177a 4500
999 _c16208
_d16208
003 AR-CdUCM
008 190304b ||||| |||| 00| 0 spa d
040 _aMUNICIPALIDAD PROVINCIAL DEL CUSCO
_cBIBLIOTECA MUNICIPAL DEL CUSCO
082 _a985 /
_bB96
100 _aBustamante y Rivero, José Luis
_98025
245 _aMensaje al Peru :
_b"Perú, estructura social" /
260 _aLima :
_bUniversitaria.,
_c1960.
300 _a168 páginas ;
_c18 cm.
440 _aBiblioteca de divulgación popular
_935509
505 _aContenido: Perú, estructura social -- Notas preliminares -- Esquema expositivo sobre las clases sociales en el Perú ...
650 _aClases
_927799
650 _aSociales
_928612
650 _aPerú
_935
942 _2ddc
_cLIBROS
945 _arah
_d02/05/2019